000 02194njm a2200385Ia 4500
001 23802
003 IT-RoPAU
005 20220918181207.0
008 131025s9999 xx 000 0 und d
040 _aIT-RoPAU
040 _cIT-RoPAU
999 _c103508
_d103508
999 _bn.d.
100 _aAA.VV.
_9794
100 _eAutore musica
_96002
100 _gCodice autore musica SPICS: 12000
_9796
245 _aOpera intermezzi (Karajan)-Lp Angel 35793
250 _a1a ed.
260 _aNEW YORK
260 _bANGEL RECORDS
_c1959 [1a Ed.:1959]
300 _aDISCO
500 _aMusica operistica. Musica classica. Opera lirica, intermezzi
505 _aManon Lescaut: intermezzo (Puccini-Karajan) - La Traviata: Prelude Act III - I Pagliacci (Leoncavallo-Karajan) - L'amico Fritz: atto III (Mascagni) - Notre Dame (Schmidt-Karajan) - The Trojans: Royal Hunt and Storm Act III - Khovantschina (Musorgskij/Rimskij-Korsakov) Entr'Acte Act 4 - Les Contes d'Offmann: Barcarolle Act 2 - Goyescas (Granados-Karajan)
511 _aPhilharmonia Orchestra diretta da Karajan Herbert Von
650 _aOPERA [DISCHI]
_eCodice MATERIA SPICS: 9950
_9961
700 _aPuccini Giacomo
_dCodice autore musica SPICS: 11082
_eAutore musica
_pManon Lescaut: intermezzo
_96003
700 _aVerdi Giuseppe
_dCodice autore musica SPICS: 89
_eAutore musica
_pLa Traviata: Prelude Act III
_96004
700 _aLeoncavallo Ruggiero
_dCodice autore musica SPICS: 11470
_eAutore musica
_pI Pagliacci
_96005
700 _aMascagni Pietro
_dCodice autore musica SPICS: 11012
_eAutore musica
_pL'amico Fritz: atto III
_96006
700 _aSchmidt Franz
_dCodice autore musica SPICS: 1467
_eAutore musica
_pNotre Dame
_96007
700 _aBerlioz Hector
_dCodice autore musica SPICS: 9293
_eAutore musica
_pThe Trojans: Royal Hunt and Storm Act III
_96008
700 _aRimskij-Korsakov Nikolai
_dCodice autore musica SPICS: 10687
_eAutore musica
_pKhovantschina Entr'Acte Act 4
_96009
700 _aOffenbach Jacques
_dCodice autore musica SPICS: 11045
_eAutore musica
_pLes contes d'Offmann: Barcarolle Act 2
_96010
700 _aGranados Y Campina Enrique
_dCodice autore musica SPICS: 13819
_eAutore musica
_pGoyescas
_96011
942 _cMD
_2ddc